| 000 | 03686cas a22006737a 4500 | ||
|---|---|---|---|
| 001 | 4210382 | ||
| 003 | ASAB | ||
| 005 | 20180827062636.0 | ||
| 006 | m d | ||
| 007 | cr n | ||
| 008 | 030123c20039999mnumn pss 0 a0eng c | ||
| 020 | _a978-93-83101-69-6 | ||
| 035 | _a(WaSeSS)ssj0023812 | ||
| 037 | _bAdvanstar Communications, 131 West First Street, Duluth, MN 55802 | ||
| 040 | _cASAB | ||
| 042 |
_apcc _ansdp |
||
| 082 | 1 | 0 |
_a615 _214 |
| 082 | 1 | 4 |
_a615 _213 |
| 100 |
_aRanjan Singh _91851 |
||
| 130 | 0 |
_aPharmaceutical technology (2003 : Online) _91852 |
|
| 210 | 1 | 0 | _aPharmaceutical technology |
| 210 | 0 | _aPharm. technol. | |
| 222 | 0 | _aPharmaceutical technology | |
| 245 | 1 | 0 |
_aPharmaceutical technology _cRanjan Singh |
| 260 |
_aDuluth, MN : _bAdvanstar Communications |
||
| 300 | _a238 P. | ||
| 310 | _aMonthly (except 2 issues in June) | ||
| 362 | 1 | _aPrint began with v. 27, no. 2 (Feb. 2003). | |
| 506 | _aAccess limited to subscribers. | ||
| 525 | _aHas supplements. | ||
| 530 | _aAlso available in print. | ||
| 538 | _aMode of access: World Wide Web. | ||
| 650 | 0 |
_aPharmaceutical technology _vPeriodicals. _91853 |
|
| 650 | 0 |
_aPharmaceutical industry _vPeriodicals. _91854 |
|
| 650 | 1 | 2 |
_aTechnology, Pharmaceutical. _91855 |
| 650 | 2 | 2 |
_aDrug Industry. _91856 |
| 650 | 6 |
_aTechniques pharmaceutiques _vPériodiques. _91857 |
|
| 650 | 6 |
_aIndustrie pharmaceutique _vPériodiques. _91858 |
|
| 650 | 7 |
_aPharmaceutical industry. _2fast _91859 |
|
| 650 | 7 |
_aPharmaceutical technology. _2fast _91860 |
|
| 655 | 0 |
_aElectronic journals. _91861 |
|
| 770 | 0 | _tAnalytical chemistry & testing | |
| 776 | 1 |
_tPharmaceutical technology _x1543-2521 _w(DLC)2003212319 |
|
| 776 | 1 |
_tPharmaceutical technology _x1543-2521 _w(DNLM)101172090 |
|
| 780 | 0 | 0 | _tPharmaceutical technology North America |
| 856 | 4 | 0 |
_uhttp://www.columbia.edu/cgi-bin/cul/resolve?clio4210382.001 _zFull text available from Freely Accessible Journals |
| 856 | 4 | 0 |
_uhttp://www.columbia.edu/cgi-bin/cul/resolve?clio4210382.002 _zFull text available from Business Insights: Essentials: 01/01/2000 to present |
| 856 | 4 | 0 |
_uhttp://www.columbia.edu/cgi-bin/cul/resolve?clio4210382.003 _zFull text available from ABI/INFORM Complete: 02/01/2003 to present |
| 856 | 4 | 0 |
_uhttp://www.columbia.edu/cgi-bin/cul/resolve?clio4210382.004 _zFull text available from ABI/INFORM Global: 02/01/2003 to present |
| 856 | 4 | 0 |
_uhttp://www.columbia.edu/cgi-bin/cul/resolve?clio4210382.005 _zFull text available from ABI/INFORM Trade & Industry: 02/01/2003 to present |
| 856 | 4 | 0 |
_uhttp://www.columbia.edu/cgi-bin/cul/resolve?clio4210382.006 _zFull text available from Business Source Complete: 02/01/2003 to present |
| 856 | 4 | 0 |
_uhttp://www.columbia.edu/cgi-bin/cul/resolve?clio4210382.007 _zFull text available from Pharmaceutical News Index: 02/01/2003 to present |
| 856 | 4 | 0 |
_uhttp://www.columbia.edu/cgi-bin/cul/resolve?clio4210382.008 _zFull text available from ProQuest Career and Technical Education: 02/01/2003 to present |
| 856 | 4 | 0 |
_uhttp://www.columbia.edu/cgi-bin/cul/resolve?clio4210382.009 _zFull text available from ProQuest Central (purchase pre-March 2016): 02/01/2003 to present |
| 856 | 4 | 0 |
_uhttp://www.columbia.edu/cgi-bin/cul/resolve?clio4210382.010 _zFull text available from ProQuest Nursing & Allied Health Source: 02/01/2003 to present |
| 856 | 4 | 0 |
_uhttp://www.columbia.edu/cgi-bin/cul/resolve?clio4210382.011 _zFull text available from ProQuest Research Library: 02/01/2003 to present |
| 856 | 4 | 0 |
_uhttp://www.columbia.edu/cgi-bin/cul/resolve?clio4210382.012 _zFull text available from ProQuest Science Journals: 02/01/2003 to present |
| 942 |
_2ddc _cBK |
||
| 999 |
_c480106 _d480106 |
||